000 00549nam a22001937a 4500
999 _c10646
_d10646
003 AR-CdUCM
008 190401b ||||| |||| 00| 0 spa d
040 _aMUNICIPALIDAD PROVINCIAL DEL CUSCO
_cBIBLIOTECA MUNICIPAL DEL CUSCO
082 _aES / 800 /
_bH72
100 _aHomero
_912528
245 _aLa odisea /
260 _aLima :
_bFondo editorial navarrete,
300 _a127 paginas ;
_c15 cm.
505 _aContenido :La odisea.
650 _aLiteratura peruana
_9169
650 _aHistorias
_92725
942 _2ddc
_cLIBROS
945 _arum